Historia argentina : polimodal :
Guardado en:
| Autor Principal: | |
|---|---|
| Otros Autores: | |
| Formato: | Libro |
| Publicado: |
Mendoza :
Ediunc,
2005
|
| Series: | Trayectos cognitivos ; 25
|
| Materias: | |
| Etiquetas: |
Agregar Etiqueta
Sin Etiquetas, Sea el primero en etiquetar este registro!
|
| LEADER | 00675nam a22002295a 4500 | ||
|---|---|---|---|
| 001 | CEM.cems014179 | ||
| 008 | 130507s2005##################000#0#####d | ||
| 005 | 20210804191552.0 | ||
| 003 | CEMS | ||
| 245 | 1 | 0 | |a Historia argentina : |b polimodal : |c María Cecilia de La Rosa y Cristina Gómez |
| 260 | |a Mendoza : |b Ediunc, |c 2005 | ||
| 300 | |a 148 p. | ||
| 490 | 0 | |a Trayectos cognitivos ; 25 | |
| 590 | |a 1222.013 | ||
| 020 | |a 950390191X | ||
| 100 | 1 | |a Rosa, María Cecilia de la | |
| 700 | 1 | |a Gómez, Cristina | |
| 653 | |a Historia de argentina | ||
| 653 | |a Argentina | ||
| 653 | |a Estado y sociedad | ||
| 653 | |a Biblioteca TC | ||
| 859 | |a CEMS |b BIB. CEMS - 11 de abril |h TC |p 1222.013 |t Ej.1 | ||
